[Event "American Continental 2nd"]
[Site "Buenos Aires"]
[Date "2003.08.23"]
[Round "6"]
[White "Wojtkiewicz, Aleksander"]
[Black "De Dovitiis, Alejo"]
[Result "1/2-1/2"]
[WhiteElo "2543"]
[BlackElo "2401"]
[Annotator "Tsesarsky,I"]
[PlyCount "58"]
[EventDate "2003.08.17"]
[EventType "swiss"]
[EventRounds "11"]
[EventCountry "ARG"]
[SourceTitle "CBM 097"]
[Source "ChessBase"]
[SourceDate "2003.11.11"]
[SourceVersion "1"]
[SourceVersionDate "2003.11.11"]
[SourceQuality "1"]

1. Nf3 c5 2. c4 g6 3. d4 Bg7 4. e4 cxd4 5. Nxd4 Nc6 6. Be3 Nf6 7. Nc3 O-O 8.
Be2 d6 9. O-O Bd7 10. Qd2 Nxd4 11. Bxd4 Bc6 12. f3 a5 13. b3 Nd7 14. Bf2 Nc5
15. Rab1 f5 16. exf5 Rxf5 ({Another mainline is} 16... gxf5 17. a3 (17. Bd1 $1
{[%cal Gd1c2]} Qe8 (17... e5 18. Bc2 Qe7 19. Rbd1 $16 {1-0 Sherbakov,R-Haik,A/
Metz 1994/TD (30)}) 18. Re1 Qf7 19. Bc2 b6 20. a3 f4 21. b4 $14 {1-0 Volzhin,
A-Nevostrujev,V/Moscow 1994/CBM 45 ext (38)}) (17. Rfe1 b6 18. Bf1 ({Worth of
attention} 18. Bd1 {[%cal Gd1c2]}) 18... Rf7 19. Rbd1 Qf8 20. Nd5 $14 {0-1
Horvath,J-Fogarasi,T/Budapest 1996/CBM 52 ext (57)}) (17. Nd5 Bxd5 18. Qxd5+ e6
19. Qd2 Qe7 20. a3 a4 21. b4 Nb3 22. Qd3 Qf6 23. Rfd1 $14 {0-1 Larochelle,
M-Taylor,G/Montreal 1996/EXT 99 (37)}) 17... Kh8 (17... a4 18. b4 Nb3 19. Qd3
$14 {1-0 Byjic Katanic,B-Batkovic,R/Vrnjacka Banja 1996/EXT 98 (51)}) (17... b6
18. Bd1 (18. Nd5 $16 {[%csl Rb6][%cal Gd5b6,Gb3b4]}) 18... Nd7 19. Be2 (19. Bc2
$16) 19... Kh8 20. Nd5 $14 {1/2-1/2 Elis,V-Balduan,M/Troisdorf 1998/EXT 2002 
(46)}) 18. b4 axb4 19. axb4 Na4 20. Nxa4 {1/2-1/2 Bagirov,V-Yudasin,L/Moscow
1991/URS-ch (20)}) 17. Rfe1 (17. a3 Rf7 (17... Qf8 18. Be3 b6 19. Nd5 Bxd5 20.
cxd5 Kh8 21. Bb5 $16 {[%csl Rc6] 1-0 Pinkas,K-Shurygin,S/Frydek Mistek 1996/
EXT 98 (53)}) 18. b4 axb4 19. axb4 Ne6 20. Bd1 Be5 21. Bb3 Nf4 22. Ne4 Bxe4 23.
fxe4 Qf8 24. c5 e6 25. Be3 $18 {1-0 Von Gleich,A-Pohl Kuemmel,J/Germany 1992/
GER-chT (50)}) (17. Bd1 Ne6 (17... Qf8 18. Bc2 Bh6 19. Be3 (19. Qe2 $14) 19...
Bxe3+ 20. Qxe3 Re5 21. Qd2 Rd8 22. f4 Rh5 23. Rbe1 $14 {1-0 Dumitrache,
D-Filipek,J/La Fere 2002/CBM 89 ext (38)}) 18. Bc2 Rf7 19. Nd5 Be5 (19... Qf8
20. Be3 Bh8 21. Rbe1 Qg7 22. Kh1 Qb2 23. Re2 Qa3 $16 (23... Qxa2 $2 24. Bxg6
$18 (24. Qd1 $2 {1-0 Van Blitterswijk,S-Afek,Y/Wijk aan Zee 2000/CBM 74 ext 
(39)}))) 20. Be3 Bxd5 21. Qxd5 Nf4 22. Qd2 Qf8 23. g3 Bc3 24. Qd1 Nh5 25. Qd3
$16 {1-0 Gross,S-Teslia,V/Bayern 2000/EXT 2001 (63)}) (17. Nd5 Bxd5 (17... Qf8
18. Be3 $14) 18. cxd5 Qf8 19. Bb5 Kh8 20. Rfe1 Re5 21. Bd4 Rxe1+ 22. Rxe1 $14 {
1/2-1/2 Kengis,E-Buhmann,R/Germany 2000/CBM 82 ext (38)}) 17... Qf8 18. Bd1 $6
$11 {Allows Black to simplify position by exchange combination.} ({Much better
was} 18. Be3 {keeping slight advantage.} e6 19. Rbd1 ({Here badly is} 19. Bd1
Rd8 20. Bc2 {in view of} Rxf3 $1 $17) 19... Qe7 20. Nb5 Bxb5 21. cxb5 $14)
18... Bxc3 $1 19. Qxc3 Ne4 {This move probably was overlooked by White.} 20.
Qe3 ({Or} 20. fxe4 Rxf2 21. Bg4 Qf7 (21... Qf6 22. Qxf6 Rxf6 23. e5 $14) 22.
Be6 Rxg2+ 23. Kxg2 Qxe6 $44 {[%csl Rg2]}) 20... Nxf2 21. Qxf2 Qf6 22. Bc2 Rf4
23. Re3 Rf8 {Black has excellent game.} 24. Rbe1 Qg5 25. Qg3 Qc5 26. Kh1 e5 ({
Black cant try to win the game either:} 26... R8f6 27. Be4 (27. Rxe7 Rxf3 28.
Re8+ Bxe8 29. gxf3 Bc6 30. Be4 $11) 27... e5 28. Qh3 $11) 27. Bxg6 hxg6 28.
Qxg6+ Kh8 29. Rxe5 dxe5 1/2-1/2

[Event "ARG-ch 72nd"]
[Site "Pinamar"]
[Date "2002.03.19"]
[Round "11"]
[White "Spangenberg, Hugo"]
[Black "Felgaer, Ruben Alejandro"]
[Result "1/2-1/2"]
[WhiteElo "2508"]
[BlackElo "2509"]
[Annotator "Tsesarsky,I"]
[PlyCount "91"]
[EventDate "2002.03.11"]
[EventType "tourn"]
[EventRounds "13"]
[EventCountry "ARG"]
[EventCategory "9"]
[SourceTitle "CBM 088"]
[Source "ChessBase"]
[SourceDate "2002.03.21"]
[SourceVersion "1"]
[SourceVersionDate "2002.03.21"]
[SourceQuality "1"]

1. d4 Nf6 2. Nf3 g6 3. c4 Bg7 4. Nc3 O-O 5. e4 d6 6. Be2 c5 7. O-O cxd4 8. Nxd4
Nc6 9. Be3 Bd7 10. Nc2 a6 11. f3 Rc8 12. Qd2 Re8 (12... Ne5 13. b3 (13. Na3 Be6
14. Nd5 ({On} 14. b3 $2 {goes} Qa5 15. Nd5 ({Natural} 15. Nc2 $2 {is refuted by
} {[%tqu "En","?","","","e6c4","",10]} Bxc4 $1 ({Not} 15... b5 $6 16. Nd5 (16.
f4 Neg4 17. Nd5 Qd8 18. Nxf6+ Nxf6 $15 {[%csl Rc4,Re4]}) 16... Qxd2 17. Nxe7+
Kh8 18. Bxd2 Rc7 19. Nd5 (19. Bb4 Ne8 20. Nd5 Bxd5 21. exd5 bxc4 $11) 19...
Bxd5 20. exd5 Nxd5 21. Nb4 Nxb4 22. Bxb4 $14) 16. bxc4 Nxc4 17. Bxc4 Rxc4 $17)
15... Qxa3 16. Nxe7+ Kh8 17. Nxc8 Rxc8 18. Rad1 a5 $15) 14... Nfd7 (14... Bxd5
15. cxd5 $14) 15. Rac1 f5 16. exf5 gxf5 17. Bg5 Ng6 $1 ({Dubious is} 17... Bxd5
$6 $14 18. cxd5 Rxc1 19. Rxc1 Qb6+ {in view of} 20. Kf1 $1 {[%csl Re7]} ({Not} 
20. Be3 $2 Bh6 $1 21. Bxb6 Bxd2 22. Rc2 Nxb6 23. Rxd2 Rc8 $15 {1/2-1/2 Lutz,
C-Muse,M/Bad Neuenahr 1991/CBM 24 (47)}) 20... Nf6 21. Nc4 Nxc4 22. Rxc4 $14)
18. b4 (18. Kh1 Qe8 19. Rfe1 Qf7 20. Nb1 b5 21. b3 bxc4 22. bxc4 Nc5 $132)
18... Qe8 19. Rc2 Qf7 $132) 13... b5 (13... Bc6 $6 14. Rac1 h5 15. Rfd1 Bd7 16.
Nb4 $14 {1-0 Kokkila,T-Lehtosaari,J/Lahti 1998/EXT 99 (20)}) 14. cxb5 Qa5 (
14... Qc7 15. Bd4 axb5 16. Nb4 Qa5 17. a3 Be6 18. Qb2 Nh5 19. Ncd5 Bxd5 20.
Nxd5 Nc6 21. Bxg7 Nxg7 22. Kh1 $14 {1-0 Adamski,J-Pytel,K/Lublin 1969/EXT 2001
(39)}) 15. b4 Qc7 16. Bd4 Bxb5 17. Ne3 (17. Bxb5 axb5 18. a4 bxa4 19. Rxa4 $14)
17... Nc4 18. Nxc4 Bxc4 19. Rac1 Qb7 20. a3 $14 {0-1 Lamoureux,C-Afek,Y/Oakham
1993/CBM 36 ext (32)}) (12... Qc7 13. Rac1 Ne5 (13... Na5 $2 14. Nb4 e6 15.
Rfd1 Rfd8 16. Ncd5 exd5 17. cxd5 Qb8 18. Bb6 Re8 (18... Rc5 19. Rxc5 dxc5 20.
Nc2 $16) 19. Kh1 Nc6 20. dxc6 bxc6 21. Bg1 $16 {1-0 Espig,L-Vogt,L/Schwerin
1969/EXT 2001 (28)}) 14. Nb4 e6 (14... Rfe8 15. Ncd5 $16 {1-0 Kokkila,
T-Salimaki,J/Helsinki 1997/EXT 99 (24)}) 15. b3 Rfd8 16. Rfd1 Be8 17. a3 $14) (
12... Qa5 13. Rfc1 $5 (13. Rad1 Rfe8 14. a3 Be6 15. b4 Qc7 16. Nd5 Bxd5 17.
cxd5 (17. exd5 Ne5 18. c5 Red8 19. f4 Neg4 20. Bd4 dxc5 $15) 17... Ne5 18. Rc1
Qc3 19. Qxc3 {1/2-1/2 Garcia Martinez,S-Saldano,H/Albacete 2000/CBM 78 ext (19)
} Rxc3 20. Bd4 Rc7 21. Bb6 Rc3 22. Bd4 Rc7 $11) 13... Rfe8 14. a4 Qc7 15. b4
Ne5 16. Na3 Qd8 17. a5 Be6 18. Na4 $14 {1/2-1/2 Likavsky,T-Bakos,E/Prievidza
1998/EXT 99 (36)}) 13. Rfc1 $6 $11 {Which R will go to certain square? This
dilemma chess player had to solve very often. In this type of position the
best places for white RR are c1 and d1.} ({Right was to play with another R:} 
13. Rac1 $1 Qa5 {And here worth of attention} 14. b3 $5 (14. Na3 $6 Ne5 $1 $132
{[%csl Ra3,Rc4][%cal Ge5c4,Ga5a3] Preventing b2-b3 or Nab1.} (14... Be6 $6 $14
15. Nab1 Ne5 16. b3 Rb8 17. a3 Rec8 18. b4 Qd8 19. Nd5 b6 20. Rfd1 a5 21. h3
axb4 22. axb4 Bd7 23. Nxf6+ (23. Na3 $2 Bc6 24. Bf1 Ned7 25. Nc2 Ba4 26. Re1
Nxd5 27. exd5 Bxc2 28. Rxc2 Ra8 29. Bg5 {1/2-1/2 Gulko,B-Nielsen,P/Esbjerg
2000/CBM 78 (29)}) 23... Bxf6 24. f4 Nc6 25. e5 Bg7 26. exd6 $16)) 14... Nh5 {
[%csl Rc3]} 15. Nd5 Qxd2 $1 (15... Qxa2 16. Rb1 Nf6 17. Nb6 Rcd8 18. b4 Be6 19.
Ra1 Qb2 20. Rfb1 Qe5 21. b5 Nb8 22. Ra5 $18 {[%csl Re5]}) 16. Bxd2 Nd4 17. Bd3
Nxc2 18. Rxc2 e6 19. Nc3 Bd4+ 20. Kh1 f5 21. Ne2 $14) 13... Ne5 14. b3 Qa5 {
[%csl Rc3][%cal Gc8c3,Ga5c3,Gb7b5] Preparing b7-b5.} 15. Nd4 Nc6 16. Rab1 Nxd4
17. Bxd4 Be6 18. Bf1 Nd7 19. Be3 (19. f4 Bxd4+ 20. Qxd4 Qc5 $11) 19... Qb4 $1 (
{Premature is} 19... b5 {in view of} 20. b4 Bxc3 (20... Qc7 21. Nd5 $16) 21.
Rxc3 Qc7 22. c5 dxc5 23. bxc5 $14) 20. Rc2 ({In case of standard} 20. Nd5 Qxd2
{White had to recapture Qd2 by Be3:} 21. Bxd2 Bd4+ 22. Kh1 f5 $5 {and Black
equalizes:} 23. Bd3 fxe4 24. Bxe4 Nc5 $11) 20... b5 $1 {[%csl Rc3]} 21. Qc1
bxc4 22. bxc4 Qa5 23. Nd5 Qa4 (23... Nc5 $11) 24. Rb3 Bxd5 (24... Nc5 $11) 25.
Ra3 (25. cxd5 Rxc2 26. Qxc2 Bd4 $11 {[%cal Gd7c5]}) 25... Qb4 26. Rb3 Qa4 27.
cxd5 {White decided to try to win, but there are no reason to do it. Position
is equal.} (27. Ra3 $11) 27... Rxc2 28. Qxc2 Bd4 $1 {[%cal Gd7c5]} 29. Bxd4
Qxd4+ 30. Qf2 Qa4 {Avoiding QQ exchange:} (30... Qxf2+ $2 31. Kxf2 Nc5 32. Rb6
$16 {[%csl Ra6][%cal Gf2d4]}) 31. Qb2 Nc5 32. Rb4 Qd7 33. h3 Qc7 34. Kh2 Rf8
35. Rb6 Qa7 36. Qb4 Rc8 37. a4 a5 $1 38. Qb5 Nxa4 39. Rb7 Qf2 40. Qd7 ({
Interesting was} 40. Qxa4 Qxf1 41. Rxe7 Qc1 $1 42. e5 $1 {Black had to play
precisely in order to neutralize white strong initiative:} dxe5 43. d6 Kg7 (
43... Qf4+ $4 44. Qxf4 exf4 45. d7 $18) 44. d7 (44. Rxe5 Rc4 45. Qxa5 Qf4+ 46.
Kh1 Rc1+ 47. Re1 Rxe1+ 48. Qxe1 Qxd6 $11) 44... Rd8 45. Re8 Qc7 46. Rxd8 e4+
47. Kg1 Qc1+ (47... Qxd8 48. Qd4+ f6 49. fxe4 Kf7 50. Qd6 a4 51. g4 a3 $11) 48.
Kf2 e3+ (48... Qd2+ 49. Kf1 Qc1+ 50. Ke2 $18) 49. Kg3 Qc7+ 50. f4 Qxd8 51. Kf3
f5 52. Kxe3 Kf6 53. Qd4+ Ke7 $11) 40... Rf8 41. Qxa4 Qxf1 42. Qxa5 Qc1 43. Qa7
Re8 44. Rb8 Qf4+ 45. Kg1 Qc1+ 46. Kh2 1/2-1/2

[Event "Moscow Aeroflot op"]
[Site "Moscow"]
[Date "2002.02.06"]
[Round "3"]
[White "Smirin, Ilia"]
[Black "Guseinov, Gadir"]
[Result "1/2-1/2"]
[WhiteElo "2702"]
[BlackElo "2527"]
[Annotator "Tsesarsky,I"]
[PlyCount "45"]
[EventDate "2002.02.04"]
[EventType "swiss"]
[EventRounds "9"]
[EventCountry "RUS"]
[SourceTitle "CBM 088"]
[Source "ChessBase"]
[SourceDate "2002.03.21"]
[SourceVersion "1"]
[SourceVersionDate "2002.03.21"]
[SourceQuality "1"]

1. e4 c5 2. Nf3 Nc6 3. d4 cxd4 4. Nxd4 g6 5. c4 Bg7 6. Be3 Nf6 7. Nc3 O-O 8.
Be2 b6 9. O-O Bb7 10. f3 ({I would like to recommend played not once} 10. Nxc6
$1 {and here:} dxc6 ({or} 10... Bxc6 {and White keeps slight advantage:} 11. f3
(11. Qc2 e6 12. Rad1 Nh5 13. Bxh5 gxh5 14. Bd4 $14 {1-0 Dvoirys,S-Sherbakov,R/
Moscow 1999/CBM 75 (54)}) 11... d6 (11... e6 $5 {-see below}) 12. Qd2 Rc8 13.
Rfd1 Re8 14. Rac1 $14 {1/2-1/2 Schlosser,M-Pigusov,E/Sochi 1989/CBM 16 (24)})
11. c5 $1 {This strong move's idea is to close Bb7. I had already played this
move in couple games against V. Mezentsev in 1981-1985 in Novosibirst.} b5 12.
e5 Ne8 13. f4 Nc7 (13... a5 $5 $14) 14. b4 a5 15. a3 $14 {[%csl Rb7] 1-0
Mikhailov-Lopushnoy,D/Prokojevsk 1997/EXT 2001 (34)}) 10... e6 11. Qd2 ({
Here also worth of attention} 11. Nxc6 $5 Bxc6 (11... dxc6 12. c5 Nd7 13. Qb3
Qc7 14. Na4 b5 15. Nc3 a5 16. Rad1 $14) 12. Rc1 (12. Qd3 $5 d5 13. cxd5 exd5
14. e5 Nd7 15. f4 Nc5 16. Bxc5 bxc5 17. Bf3 Rb8 18. b3 (18. Bxd5 Rxb2 19. Bxf7+
(19. Rab1 Rb4 20. Rfd1 (20. Qf3 Bxd5 21. Nxd5 Rd4 22. Rfd1 $132) 20... Rd4 21.
Qf3 Bxd5 22. Nxd5 $132) 19... Kh8 (19... Kxf7 20. Qc4+ Ke8 21. Qe6+ Qe7 22.
Qxc6+ $18) 20. Bd5 Rb4 21. Rad1 Rd4 22. Qf3 Bxd5 23. Rxd4 cxd4 24. Nxd5 Bxe5
$15) 18... Rb4 19. Rad1 Rxf4 20. Nxd5 Bxd5 21. Qxd5 Qxd5 22. Rxd5 Rc8 23. Rc1
$14) 12... d5 13. e5 Ne8 14. cxd5 exd5 15. f4 Nc7 16. Bf3 $14) 11... d5 ({
Another plan is connected with} 11... Qe7 12. Rad1 (12. Rfe1 Rfd8 13. Bf1 Nxd4
14. Bxd4 Ne8 15. Bf2 Nc7 16. Rad1 d6 17. a4 {-see commented game 1/2-1/2 Panno,
O-Bellon Lopez,J/Buenos Aires 1994/CBM 42 [Ernst] (50)}) (12. Ndb5 Ne8 13. Rad1
Rd8 14. Kh1 Ba8 15. f4 f5 16. exf5 gxf5 17. Bf3 $14 {0-1 Grigoriants,
S-Sherbakov,R/Moscow 1999/CBM 75 (57)}) 12... Rfd8 13. Nc2 Rac8 14. Bg5 d6 15.
Kh1 Rd7 16. b3 $14 (16. f4 h6 17. Bxf6 (17. Bh4 $2 Nxe4 $17) 17... Qxf6 18. e5
Qh4 19. Bf3 Nxe5 20. fxe5 Bxe5 21. g3 Bxg3 22. Bxb7 Rxb7 23. Qg2 Be5 $15 {
0-1 Gabriel,C-Ibragimov,I/Pulvermuehle 2000/CBM 75 (66)})) 12. exd5 (12. Rad1
dxe4 13. Nxc6 Bxc6 14. Qc2 Qc7 15. fxe4 Rad8 $132 {1-0 Mueckenberger,P-Shure,G/
Nassau 1988/EXT 97 (34)}) (12. Nxc6 Bxc6 13. cxd5 exd5 14. e5 Ne8 (14... Nd7
15. f4 (15. Bg5 Qc7 16. Nxd5 Bxd5 17. Qxd5 Qxe5 18. Qxe5 Bxe5 19. Rad1 Nc5 20.
b3 Ne6 $11 {1/2-1/2 Banas,J-Petran,P/Trencianske Teplice 1974/MCD (47)}) 15...
Nc5 (15... g5 16. Nxd5 Nxe5 17. Rad1 gxf4 18. Bxf4 Ng6 19. Bc4 $16 {1-0
Panchenko,A-Telman,V/Naberezhnie Chelni 1988/TD (42)}) 16. Bxc5 (16. Rfd1 f6
17. Nxd5 fxe5 18. fxe5 Bxe5 19. Qb4 Re8 20. Bf3 Qc8 21. Qh4 Qe6 $11 {1-0 Popov,
R-Marszalek,R/Moscow 1992/EXT 97 (25)}) (16. Rad1 Ne4 17. Nxe4 dxe4 18. Qc2 Qe8
19. Rd4 (19. Ba6 $16) 19... Rc8 20. Rc1 Bb7 21. Rc4 g5 22. Rxc8 Qxc8 23. Qa4
Qf5 24. fxg5 Qxe5 25. Rc2 $14 {1-0 Dgebuadze,A-Znamenacek,K/Pardubice 1993/TD 
(43)} (25. Qxa7 Qxb2 26. Qxb7 Qxe2 27. Qxe4 Qxa2 28. Bxb6 $14)) 16... bxc5 17.
Bf3 f6 (17... Rb8 18. Rad1 (18. Bxd5 Bxd5 19. Qxd5 Qxd5 20. Nxd5 Rxb2 21. Rfc1
Rd8 22. Rxc5 Bf8 23. Nf6+ Kg7 24. Rd5 Rc8 25. Rd3 Rcc2 26. Rg3 Bc5+ 27. Kh1
Rxa2 $17 {1/2-1/2 Petursson,M-Angantysson,H/Reykjavik 1976/EXT 98 (44)}) 18...
f6 19. Qe2 $14 {[%cal Ge3e5,Ge2b2,Ge2e5]}) 18. e6 f5 19. Nxd5 Bd4+ 20. Kh1 Re8
(20... Qd6 21. Ne7+ Qxe7 22. Bxc6 Rab8 23. Rae1 Rxb2 24. Qa5 Rfb8 25. Bd5 Kg7
26. Qa6 $132 {1/2-1/2 Anka,E-Dekker,A/Balatonbereny 1993/EXT 97 (44)}) 21. Ne7+
Rxe7 22. Bxc6 Rb8 {1/2-1/2 Hulak,K-Garcia Martinez,S/Luzern 1982/EXT 97-B (22)}
) 15. f4 f6 {This opening variation is well-investigated by young Guseinov, he
plays this variation with success.} (15... Nc7 16. Bf3 f6 $1 (16... Kh8 17.
Rad1 (17. Rac1 f6 18. Bd4 fxe5 19. Bxe5 Bxe5 20. fxe5 Qe7 21. Rfe1 (21. Nxd5 $2
Bxd5 22. Bxd5 Rxf1+ 23. Kxf1 Rd8 $17) 21... Bb7 $11) 17... Qe7 18. Ne2 Bb7 19.
Rc1 Ne6 20. Rfd1 f6 21. exf6 Qxf6 22. b4 Rad8 23. g3 g5 $132 {1-0 Beran,
J-Sebban,J/Paris 1993/EXT 97 (39)}) 17. exf6 Qxf6 18. Nxd5 Nxd5 19. Bxd5+ Bxd5
20. Qxd5+ Kh8 21. Rab1 Rad8 22. Qb3 Rfe8 {1/2-1/2 Volokitin,A-Guseinov,K/
Oropesa del Mar 1999/CBM 72 ext (22)}) 16. Bd4 (16. Bf3 fxe5 (16... Nc7 17. Bd4
fxe5 18. Bxe5 Bxe5 19. fxe5 Qe7 20. Qd4 Rad8 21. Bg4 Rxf1+ 22. Rxf1 Rf8 $11 {
1/2-1/2 Anisimov,P-Guseinov,K/Oropesa del Mar 2000/EXT 2001 (33)}) 17. Nxd5
exf4 18. Bxf4 Rf5 19. Rad1 Nf6 20. Bg5 Rxf3 $1 21. Rxf3 Qxd5 22. Rxf6 Qxd2 23.
Rxd2 Bxf6 24. Bxf6 $11 {1/2-1/2 Gallagher,J-Turner,M/Hove 1997/EXT 99 (30)}) (
16. Rad1 fxe5 17. Nxd5 Nc7 18. Nb4 Qxd2 19. Rxd2 Be8 20. fxe5 Rxf1+ 21. Kxf1
Bxe5 $11 {1-0 Kosten,A-Gormally,D/Birmingham ENG 2001/The Week in Chess (48)})
(16. Bg4 Nc7 17. Bd4 fxe5 18. fxe5 Qh4 19. h3 Qe7 20. Rae1 Rxf1+ 21. Kxf1 Rf8+
22. Kg1 Ne6 $11 {1/2-1/2 Efremova,S-Borsuk,A/Podolsk 1990/TD (44)}) (16. e6 f5
17. Rad1 Nc7 18. Bd4 Bxd4+ 19. Qxd4 Qd6 20. Bf3 Rad8 21. Rfe1 Rfe8 22. Qf6 Re7
$15 {0-1 Furhoff,J-Guseinov,K/Stockholm SWE 2002/The Week in Chess 374 (47)})
16... fxe5 17. Bxe5 Bxe5 18. fxe5 Nc7 19. Bg4 (19. Bf3 Qe7 20. Rfe1 Rad8 21.
Rad1 Ba8 22. Qe3 Rfe8 23. a3 Qg7 24. Qf4 Qf8 25. Ne2 Re7 26. Qxf8+ Rxf8 27. Nd4
Rfe8 {1/2-1/2 Hunt,A-Guseinov,K/Stockholm SWE 2002/The Week in Chess 374 (27)})
19... Qe7 20. Ne2 Bb5 21. a4 Bc4 22. b3 Bxb3 23. Rxf8+ Rxf8 24. Nd4 Bc4 $17 {
1/2-1/2 Gasanov,E-Guseinov,K/Alushta UKR 2001/The Week in Chess 364 (63)})
12... exd5 13. c5 Re8 $1 {better than} (13... bxc5 14. Nxc6 Bxc6 15. Bxc5 Re8
16. Rfd1 Qd7 17. Bf1 Qb7 18. Bd4 Rad8 19. Rac1 $14 {1/2-1/2 Shvedchikov,
A-Marszalek,R/Moscow 1991/CBM 21 ext (42)}) ({or} 13... Ne5 14. cxb6 axb6 15.
b3 {1-0 Zupe,M-Rebernik,B/SLO 1993/TD (40)}) 14. Bb5 ({Loses immediately} 14.
cxb6 $4 {in view of tactical impact:} Rxe3 $1 15. Qxe3 (15. Nxc6 Rxe2 16. Nxe2
Bxc6 $19) 15... Qxb6 16. Nc2 d4 $19) 14... bxc5 $1 {Very strong reply! Black
eventually neutralizes White's pressure.} ({Badly is} 14... Rc8 15. cxb6 axb6 (
15... Qxb6 16. Na4 Qd8 17. Rac1 Nxd4 (17... Rxe3 18. Qxe3 Ng4 19. Nxc6 Nxe3 20.
Nxd8 $18) 18. Bxd4 $16 {[%csl Ra7,Rd5][%cal Ga4c5]}) 16. Rad1 $14) 15. Nxc6 Qb6
{[%csl Rb5,Rc6][%cal Gd5d4]} 16. b4 ({Interesting was} 16. Nxa7 $5 {with very
complicated play:} d4 $1 (16... Red8 17. Na4 Qxa7 18. Bxc5 $16) (16... Rxe3 17.
Qxe3 Rxa7 (17... d4 18. Na4 Qxa7 19. Qe7 $16) 18. Qf4 Ra8 19. a4 c4+ 20. Kh1 d4
21. Ne4 Nd5 (21... Nxe4 22. fxe4 Qe6 23. Qc7 Qxe4 24. Rf2 (24. Qxf7+ Kh8 25.
Qf2 Bd5 26. Rae1 Qg4 27. Re7 h6 28. Rfe1 $14) 24... Bd5 25. Bxc4 d3 26. Bxd5
Qxd5 27. Qf4 $16) 22. Qd6 $16) 17. Bxe8 dxe3 (17... Rxe8 18. Bxd4 cxd4 19. Ncb5
Ra8 20. Rfe1 (20. a4 Rxa7 21. Nxa7 Qxa7 $13)) 18. Qe2 Rxe8 19. Nab5 Nh5 20. g3
Bd4 21. a4 Qf6 22. Rad1 Qe5 $44) 16... d4 $1 {Good reaction!} (16... Bxc6 $143
17. Bxc5 Qb7 18. Bxc6 Qxc6 19. Rad1 a5 20. a3 Nd7 21. Bd4 axb4 22. axb4 Bf8 23.
b5 $14) 17. bxc5 $1 {White found the only move...} ({Not} 17. Nxd4 $4 cxd4 18.
Bxd4 Ne4 19. Nxe4 (19. Bxb6 Nxd2 20. Bxe8 Bxc3 21. Rac1 Nxf1 22. Rxc3 axb6 $19)
19... Bxd4+ 20. Kh1 Rxe4 21. fxe4 Bxa1 22. Bc4 Bg7 23. Rxf7 Kh8 $19) 17... dxc3
18. cxb6 cxd2 19. Bxd2 axb6 20. a4 Nd5 21. Rae1 Rec8 22. Rc1 (22. Ne7+ Nxe7 23.
Rxe7 Bd4+ 24. Kh1 Bc6 $11) 22... Bf8 23. Ne5 (23. Ne5 f6 (23... Ba3 24. Rxc8+
Rxc8 25. Nd7 $11) 24. Nd7 $11) 1/2-1/2